Green chemistry : environmentally benign reactions

Bibliographic Details
Main Author: Ahluwalia, V. K. (Author)
Format: Book
Language:English
Published: New Delhi : Ane Books , c2012
Edition:2nd ed
Subjects:

MARC

LEADER 00000cam a2200000 7i4500
001 0000083708
005 20201126093000.0
008 130603s2012 ii eng
020 |a 1466559985 (hardback : alk. paper) 
020 |a 9781466559981 (hardback : alk. paper) 
050 0 0 |a TP155.2.E58   |b A35 2012 
090 0 0 |a TP155.2.E58   |b A35 2012 
100 1 |a Ahluwalia, V. K. ,   |e author 
245 1 0 |a Green chemistry :   |b environmentally benign reactions   |c V.K. Ahluwalia 
250 |a 2nd ed 
260 |a New Delhi :   |b Ane Books ,   |c c2012 
300 |a xix, 312 p. :   |b ill. ;   |c 25 cm. 
504 |a Includes bibliographical references and index 
505 0 |a 1. Green chemistry -- 2. Green reactions -- 3. Green preparation 
650 0 |a Environmental chemistry   |x Industrial applications 
999 |a 1000156383   |b Book   |c OPEN SHELF (30 DAYS)   |e Gong Badak Campus